000 01970nam a2200505 c 4500
999 _c51065
_d51065
001 51065
003 ES-MaCES
005 20191213040018.0
007 cr |||||||||||
008 181219s2017 sp o000 | spa d
017 _aM 26074-2017
_bDL
020 _a9788484175100
024 7 _a270-17-025-X
_2nipo
024 7 _a270-17-026-5
_2nipo (pdf)
040 _aES-MaCES
_bspa
_cES-MaCES
100 1 _aBlázquez Cuesta, Maite
_97908
245 1 0 _aInmigración y mercado de trabajo
_b: informe 2016
_cMaite Blázquez Cuesta, Ainhoa Herrarte Sánchez
260 _aMadrid
_bSubdirección General de Información Administrativa y Publicaciones, Ministerio de Empleo y Seguridad Social
_c[2017]
300 _a342 p.
_c22 cm
_e1 documento pdf (11,8 mB)
490 1 _aDocumentos del Observatorio Permanente de la Inmigración
_v32
504 _aBibliografía: p. 311-321
541 _cGratuito
650 7 _ainmigración
_928632
650 7 _ainmigrante
_928631
650 7 _atrabajador migrante
_928408
650 7 _amercado de trabajo
_928292
650 7 _aanálisis del mercado de mano de obra
_930745
650 7 _aempleo
_928299
650 7 _adesempleo
_928308
650 7 _asalario
_928387
650 7 _amovilidad de la mano de obra
_928354
650 7 _aEspaña
_926964
650 7 _aComunidades Autónomas
_930768
650 7 _a2016
_932000
650 7 _ainforme
_928986
653 1 0 _aEmpleo
700 1 _914749
_aHerrarte Sánchez, Ainhoa
710 1 _aEspaña
_bSecretaría de Estado de Inmigración y Emigración
_bObservatorio Permanente de la Inmigración
_93364
710 2 _aEspaña
_bMinisterio de Empleo y Seguridad Social
_eed.
_93243
787 0 _tInmigración y mercado de trabajo 2011
_w(ES-MaCES)24849
830 0 _aDocumentos del Observatorio Permanente de la Inmigración
_v32
_934087
856 4 _uhttp://biblioteca.ces.es/repintra/B51065.pdf
_ytexto completo
_z[intranet]
902 _aLIB Libro
942 _2CES
_cBK
_h2.1.